Father Ted Quiz - Statistics

General Stats
  • This quiz has been taken 724 times
  • The average score is 9 of 15
Answer Stats
Hint Answer % Correct
The "childlike" priest Father Dougal McGuire
94%
The foul-mouthed alcoholic priest Father Jack Hackett
93%
The tea-loving housekeeper Mrs Doyle
92%
The eponymous priest Father Ted Crilly
91%
The island of which they live on Craggy Island
90%
Who Ted kicked up the arse Bishop Len Brennan
83%
Number of Series 3
80%
What does the "childlike" priest become in "Speed 3" Milkman
73%
Number of Episodes 25
56%
Ted's nemesis Father Dick Byrne
49%
The award Ted wins in "A Christmassy Ted" Golden Cleric
45%
What almost replaced the tea-loving housekeeper in "A Christmassy Ted" Tea Master
28%
How is the "black dirt on the window" described? Perfectly Square
26%
The final episode name Going to America
25%
The first episode name Good Luck, Father Ted
15%
No matching quizzes found
Score Distribution
Percent of People with Each Score
Percentile by Number Answered
Your Score History
You have not taken this quiz